ბათუმის შოთა რუსთაველის სახელმწიფო უნივერსიტეტის ბიბლიოთეკა

ათონი : პატრიარქის გაზაფხული : (ბიბ.ჩანაწერი № 57106)

000 -ლიდერი
ფიქსირებული სიგრძის საკონტროლო ველი 01949nam a22002657a 4500
003 - საკონტროლო ნომრის იდენტიფიკატორი
საკონტროლო ველი Ge_BSU
005 - ბოლო ოპერაციის თარიღი და დრო
საკონტროლო ველი 20191119150321.0
008 - ფიქსირებული სიგრძის მონაცემთა ელემენტები - ზოგადი ინფორმაცია
ფიქსირებული სიგრძის საკონტროლო ველი 191119s2017 ge ||||| |||| 00| 0 geo d
020 ## - წიგნის საერთაშორისო სტანდარტული ნომერი
International Standard Book Number 9789941274276
041 ## - ენის კოდი
Language code of text/sound track or separate title geo
080 ## - უნივერსალური ათობითი კლასიფიკაციის ინდექსი
Universal Decimal Classification number 27-788(=353.1)(495) ჭ-83
100 ## - მთავარი ჩანაწერი - პიროვნების სახელი
Personal name ჭუმბურიძე, ზვიად.
9 (RLIN) 89
245 ## - ცნობა სათაურის შესახებ
Title ათონი : პატრიარქის გაზაფხული :
Remainder of title [საქართველოს კათოლიკოს-პატრიარქის ილია II-ის ვიზიტი ათონის მთაზე] /
Statement of responsibility, etc ზვიად ჭუმბურიძე ; რედ.ელზა ნაბახტეველი ; თარგმ. ქეთევან მამულაშვილი ; ანი უძილაური ; დიზ. ნიკოლოზ ბაგრატიონი.
264 ## - წარმოების, გამოცემის, დისტრიბუციის და სხვა ცნობები
გამოცემის, წარმოების, დისტრიბუციის... ადგილი თბილისი :
გამოცემის, წარმოების, დისტრიბუციის... სახელწოდება შპს( "სეზანი"),
გამოცემის, წარმოების, დისტრიბუციის... თარიღი 2017.
300 ## - ფიზიკური აღწერა
Extent 88 გვ. :
Other physical details ფოტ. ;
Dimensions 30 სმ.
500 ## - ზოგადი შენიშვნა
General note ფოტომასალა ზვიად ჭუმბურიძის არქივიდან
520 ## - SUMMARY, ETC.
Summary, etc რეზიუმე ინგლ. და ბერძნ. ენებზე
653 ## - INDEX TERM--UNCONTROLLED
Uncontrolled term ილია II (შიოლაშვილი, ი.), კათოლიკოს-პატრიარქი, 1933 ათონის ივერიის მონასტერი.
653 ## - INDEX TERM--UNCONTROLLED
Uncontrolled term რელიგია
700 ## - ADDED ENTRY--PERSONAL NAME
Personal name ნაბახტეველი, ელზა
Relator term რედაქტორი
9 (RLIN) 5442
700 ## - ADDED ENTRY--PERSONAL NAME
Personal name მამულაშვილი, ქეთევან
Relator term თარგმანი ინგლისური
9 (RLIN) 92
700 ## - ADDED ENTRY--PERSONAL NAME
Personal name უძილაური, ანი
Relator term თარგმანი ბერძნული
9 (RLIN) 5443
700 ## - ADDED ENTRY--PERSONAL NAME
Personal name ბაგრატიონი, ნიკოლოზ
Relator term დიზაინერი
9 (RLIN) 5444
942 ## - ADDED ENTRY ELEMENTS (KOHA)
Source of classification or shelving scheme
Koha item type წიგნი
ეგზემპლარები
ჩამოწერის სტატუსი დაკარგული ეგზემპლარის სტატუსი კლასიფიკაციის წყარო ან თაროზე გაწყობის სქემა დაზიანების სტატუსი არ გაიცემა მუდმივი მდებარეობა (დაცვის ადგილი) ამჟამინდელი ადგილსამყოფელი თაროზე განთავსების ადგილი შეძენის თარიღი ღირებულება, შესყიდვის ნორმალური ფასი სრული შენახვის შიფრი შტრიხკოდი ბოლო ოპერაციის თარიღი ეგზემპლარის მიმდევრობითი ნომერი (კეტერი?) ფასის ძალაში შესვლის თარიღი ეგზემპლარის სახეობა საჯარო შენიშვნა Uniform Resource Identifier
          ბათუმის შოთა რუსთაველის სახელმწიფო უნივერსიტეტის მთავარი ბიბლიოთეკა ბათუმის შოთა რუსთაველის სახელმწიფო უნივერსიტეტის მთავარი ბიბლიოთეკა წიგნსაცავი 2019-11-19 25.00 27-788(=353.1)(495) ჭ-83 59179 2019-11-19 59179 2019-11-19 წიგნი 25.00  
          ბათუმის შოთა რუსთაველის სახელმწიფო უნივერსიტეტის მთავარი ბიბლიოთეკა ბათუმის შოთა რუსთაველის სახელმწიფო უნივერსიტეტის მთავარი ბიბლიოთეკა წიგნსაცავი 2019-11-19 25.00 27-788(=353.1)(495) ჭ-83 59180 2019-11-19 59180 2019-11-19 წიგნი 25.00  
          ბათუმის შოთა რუსთაველის სახელმწიფო უნივერსიტეტის მთავარი ბიბლიოთეკა ბათუმის შოთა რუსთაველის სახელმწიფო უნივერსიტეტის მთავარი ბიბლიოთეკა წიგნსაცავი 2019-11-19 25.00 27-788(=353.1)(495) ჭ-83 59181 2019-11-19 59181 2019-11-19 წიგნი 25.00  
          ბათუმის შოთა რუსთაველის სახელმწიფო უნივერსიტეტის მთავარი ბიბლიოთეკა ბათუმის შოთა რუსთაველის სახელმწიფო უნივერსიტეტის მთავარი ბიბლიოთეკა წიგნსაცავი 2019-11-19 25.00 27-788(=353.1)(495) ჭ-83 59182 2019-11-19 59182 2019-11-19 წიგნი 25.00  
          ბათუმის შოთა რუსთაველის სახელმწიფო უნივერსიტეტის მთავარი ბიბლიოთეკა ბათუმის შოთა რუსთაველის სახელმწიფო უნივერსიტეტის მთავარი ბიბლიოთეკა წიგნსაცავი 2023-06-27 20.00 27-788(=353.1)(495) ჭ-83 64823 2023-06-27 64823 2023-06-27 წიგნი 20.00 ბსუ-ს საპატიო დოქტორის გურამ ლორთქიფანიძის საჩუქარი